000 00720nam a2200205 i 4500
001 74727
003 ES-MaACL
005 20230906172227.0
007 t|
008 040920s1957 ve ||||1| spa d
100 1 _aGonzález Urbaneja, Simón.
_958997
245 1 3 _aLa protección penal del cheque en el Código de Comercio de 1955 /
_cSimón González Urbaneja.
260 _aCaracas (Venezuela) :
_bUniversidad Central de Venezuela. Facultad de Derecho,
_c1957 (
_fSucre)
300 _a149 p. ;
_c23 cm.
490 1 _aEstudios jurídicos ;
_v19
710 2 _aUniversidad Central de Venezuela.
_97083
830 0 _aEstudios jurídicos ;
_v19
_9183446
852 _aES-MaACL
_jC-13594
_bR.40994
999 _c74727
_d74727